INTRODUCTION TO OPERATING SYSTEMS/ (Record no. 47731)

MARC details
000 -LEADER
fixed length control field 00393pam a2200169 a 4500
020 ## - INTERNATIONAL STANDARD BOOK NUMBER
Terms of availability
041 ## - LANGUAGE CODE
Language code of original
082 ## - DEWEY DECIMAL CLASSIFICATION NUMBER
Classification number 005.43
Item number GOR
100 ## - MAIN ENTRY--PERSONAL NAME
Personal name GORMAN M.S.
Relator term author
245 ## - TITLE STATEMENT
Title INTRODUCTION TO OPERATING SYSTEMS/
Medium Textual Documents
250 ## - EDITION STATEMENT
Edition statement 01-01-2001.
260 ## - PUBLICATION, DISTRIBUTION, ETC.
Name of publisher, distributor, etc. SOUTH-WESTERN(VIKAS)
300 ## - PHYSICAL DESCRIPTION
Extent X/253
500 ## - GENERAL NOTE
General note 4913
653 ## - INDEX TERM--UNCONTROLLED
Uncontrolled term OPERATING SYSTEMS (T.E.)
930 ## - EQUIVALENCE OR CROSS-REFERENCE-UNIFORM TITLE HEADING [LOCAL, CANADA]
Uniform title 4506
Holdings
Withdrawn status Lost status Damaged status Not for loan Collection Home library Current library Shelving location Date acquired Source of acquisition Cost, normal purchase price Total Checkouts Full call number Barcode Date last seen Copy number Price effective from Koha item type
        EWP College of Engineering for Women, Pune College of Engineering for Women, Pune WE 31/12/2002 COLLEGE BOOK DEPOT, 562.00   005.43 GOR EWP-4568 24/02/2023 1 24/02/2023 Book